000 01208nam a2200289 u 4500
001 000002931
003 DO-SdBNP
005 20210802080313.0
008 090703s1988 dr ab r 000 0 spa d
040 _aDO-SdBNP
_bspa
_cBNPHU
082 _a341.42729307294
_bP349h, 1988
100 1 _aPeña Batlle, Manuel Arturo,
_d1902-1952
_98406
245 1 0 _aHistoria de la cuestión fronteriza dominico-haitiana /
_cManuel Arturo Peña Batlle.
250 _a2a ed. fascím.
260 _aSanto Domingo :
_bSociedad Dominicana de Bibliófilos,
_c1988.
_eAmigo del Hogar
300 _av. :
_bmap. ;
_c23 cm.
500 _aLa biblioteca posee el volumen 1
504 _aIncluye referencias bibliográficas y notas al pie de las páginas.
533 _aFacsímil:
_bCiudad Trujillo, República Dominicana :
_cCasa editora Luis Sánchez Andujar,
_d1946
590 _aInventariado, 2018/BT
651 1 4 _aRepública Dominicana
_xIncidentes fronterizos
_98407
651 1 4 _aHaití
_xIncidentes fronterizos
_98408
651 1 4 _aRepública Dominicana
_xHistoria
_xLimites
_zHaití
_98409
651 1 4 _aHaití
_xHistoria
_xLimites
_zRepública Dominicana
_98410
910 _aValidado. Control de calidad. EMS
942 _2ddc
_cLBS1
999 _c2764
_d2764